| 000 | 00352pab a2200145 454500 | ||
|---|---|---|---|
| 008 | 180718b2000 xxu||||| |||| 00| 0 eng d | ||
| 100 | _aHasan, M. Riaz | ||
| 245 | _aManaging water: engineers and agronomists have to talk | ||
| 260 | _c2000 | ||
| 300 | _ap.8 | ||
| 362 | _a7 Feb | ||
| 650 | _aWater resources | ||
| 773 | _aStatesman | ||
| 909 | _a45052 | ||
| 999 |
_c45052 _d45052 |
||